00502nam a22001457a 4500082003300000100002600033245008100059260002500140300001100165526003700176650001300213942001200226999001900238952009900257 a355.009567bIRAcL-28, p-118 aThe Iraqi Army949033 aThe Iraqi army sixtieth anniversary 6th. January 1921 - 1981cThe Iraqi Army aIraqbThe Iraqi Army a210 p: a0b0c0d355_009567000000000_IRA aMCE9379 2ddccBK c551867d551867 00102ddc4070aMCEbMCEd2014-12-31l0o355.009567 IRApMCE-9546r2014-12-31w2014-12-31yBK